[Event "302nd YMCA Spring C"]
[Site "Warsaw"]
[Date "2025.05.27"]
[Round "5"]
[White "Szukalski, Antoni"]
[Black "Marczukiewicz, Slawomir"]
[Result "0-1"]
[WhiteElo "1703"]
[BlackElo "1669"]
[PlyCount "96"]
[EventDate "2025.04.23"]
[EventType "tourn"]
[EventRounds "1"]
[SourceDate "2025.04.22"]

1. e4 c5 2. Nf3 d6 3. d4 cxd4 4. Nxd4 Nf6 5. Nc3 a6 6. Be3 Ng4 7. Qd2 Nc6 8.
Be2 Nxe3 9. fxe3 g6 10. O-O Bg7 11. Bc4 O-O 12. Nce2 Qb6 13. c3 Bd7 14. Nf4
Nxd4 15. exd4 e6 16. Kh1 Rae8 17. Ne2 Re7 18. Ng3 Qc7 19. Bd3 Bc6 20. Rae1 b5
21. a3 Bb7 22. Rf2 Bc8 23. Qe3 Rfe8 24. Qd2 Rf8 25. Ref1 $11 Bb7 26. Re1 Rb8
27. Qe2 Bc8 28. Qd2 a5 29. b4 a4 30. Ne2 Bd7 31. Rc1 f5 32. exf5 exf5 33. c4
Qa7 34. c5 dxc5 35. dxc5 Be6 36. Bb1 Bc4 37. Ng3 Qd7 38. Qxd7 Rxd7 39. Ba2 Bb3
40. Nf1 Rbd8 41. g3 Rd1 42. Rxd1 Rxd1 43. Kg2 Ra1 44. Bxb3+ axb3 45. Nd2 b2 46.
c6 Rc1 47. Rf1 Rxc6 48. Rb1 Rc2 0-1

[Event "302nd YMCA Spring C"]
[Site "Warsaw"]
[Date "2025.05.23"]
[Round "5"]
[White "Sypula, Krzysztof"]
[Black "Glowacki, Mateusz"]
[Result "0-1"]
[WhiteElo "1683"]
[BlackElo "1697"]
[PlyCount "64"]
[EventDate "2025.04.23"]
[EventType "tourn"]
[EventRounds "1"]
[SourceDate "2025.04.22"]

1. Nf3 e6 2. g3 f5 3. c4 Nf6 4. Nc3 Be7 5. Bg2 O-O 6. O-O d6 7. d4 Ne4 8. Qc2
Nxc3 9. Qxc3 Nd7 10. Rd1 Nf6 11. e3 Ne4 12. Qe1 Bd7 13. Nd2 d5 14. cxd5 exd5
15. f3 Nf6 16. Nb3 Ba4 17. Qc3 a5 18. Rf1 Bb4 19. Qd3 Qd7 20. Rf2 b6 21. Bf1
Rae8 22. Bd2 Bd6 23. Re1 c6 24. Bh3 Nh5 25. Rg2 Bb5 26. Qc2 a4 27. Nc1 c5 28.
g4 fxg4 29. Bxg4 Qf7 30. dxc5 Bxc5 31. Nd3 Bxd3 32. Qxd3 Nf4 0-1

[Event "302nd YMCA Spring C"]
[Site "Warsaw"]
[Date "2025.05.20"]
[Round "5"]
[White "Wiktorowski, Janusz"]
[Black "Milczak, Piotr"]
[Result "0-1"]
[WhiteElo "1570"]
[BlackElo "1671"]
[PlyCount "74"]
[EventDate "2025.04.23"]
[EventType "tourn"]
[EventRounds "1"]
[SourceDate "2025.04.22"]

1. e4 e6 2. e5 d5 3. d4 c5 4. Nf3 cxd4 5. Qxd4 Nc6 6. Bb5 Bd7 7. Bxc6 Bxc6 8.
O-O Ne7 9. Nc3 Ng6 10. Bg5 Qa5 11. a3 Qc5 12. Qd3 Be7 13. Be3 Qa5 14. Bd4 Qc7
15. Rfe1 O-O 16. Ne2 b6 17. b4 Ba4 18. c3 Bb3 19. g3 Bc4 20. Qe3 Bd8 21. h4 Ne7
22. g4 Nc6 23. g5 Nxd4 24. Nexd4 Qd7 25. Kh1 Be7 26. Rg1 a5 27. h5 axb4 28.
cxb4 Ra4 29. Nh2 Rfa8 30. Ng4 Kh8 31. Nc2 d4 32. Nxd4 Bxb4 33. h6 g6 34. Qf4
Qe7 35. Kh2 Bd5 36. Rac1 Bc5 37. Nb5 Rxf4 0-1

[Event "302nd YMCA Spring C"]
[Site "Warsaw"]
[Date "2025.05.21"]
[Round "5"]
[White "Jaroszuk, Marcin"]
[Black "Chudyk, Mateusz"]
[Result "1/2-1/2"]
[WhiteElo "1693"]
[BlackElo "1680"]
[PlyCount "167"]
[EventDate "2025.04.23"]
[EventType "tourn"]
[EventRounds "1"]
[SourceDate "2025.04.22"]

1. f4 b6 2. Nf3 Bb7 3. e3 g6 4. Be2 Bg7 5. O-O e6 6. d3 Ne7 7. e4 c5 8. Nbd2
O-O 9. Qe1 Nbc6 10. c3 f6 11. g4 d5 12. Qg3 Qd6 13. Re1 e5 14. f5 Kf7 15. exd5
Nxd5 16. fxg6+ hxg6 17. d4 cxd4 18. cxd4 Rfe8 19. Ne4 Qd8 20. dxe5 Nxe5 21. Bf4
Nxf4 22. Qxf4 Bxe4 23. Qxe4 Nxf3+ 24. Qxf3 Bf8 25. Bc4+ Kg7 26. Rxe8 Qxe8 27.
Qb7+ Kh8 28. Qf3 Bc5+ 29. Kg2 Bd4 30. Qf4 Qc6+ 31. Qf3 Rc8 32. Qxc6 Rxc6 33.
Bb3 Bxb2 34. Rd1 a5 35. Rd2 Be5 36. Rd5 Kg7 37. g5 Kf8 38. gxf6 Bxf6 39. Kf3
Ke7 40. h3 Rc1 41. Rd1 Rc3+ 42. Kg4 Be5 43. Re1 Rg3+ 44. Kh4 g5+ 45. Kh5 Kf6
46. Rf1+ Bf4 47. Rh1 Rc3 48. Kg4 Rg3+ 49. Kh5 Rc3 50. Kg4 Kg6 51. Rg1 Bd6 52.
h4 a4 53. Bd5 gxh4 54. Kxh4+ Kf6 55. Kg4 Ke5 56. Bf7 Rc7 57. Re1+ Kd4 58. Rd1+
Ke3 59. Rxd6 Rxf7 60. Rxb6 $11 Rf2 61. a3 Ra2 62. Rf6 Rg2+ 63. Kh3 Rd2 64. Kg3
Rd4 65. Rf3+ Kd2 66. Kf2 Kc2 67. Re3 Kb2 68. Ke2 Rd8 69. Rd3 Rb8 70. Kd2 Rb3
71. Rd8 Rb7 72. Rd3 Rb5 73. Kd1 Rb3 74. Kd2 Kxa3 75. Rd4 Rh3 76. Kc2 Rh2+ 77.
Kc3 Rg2 78. Rh4 Rg3+ 79. Kc2 Rg5 80. Rc4 Rb5 81. Kc3 Rb3+ 82. Kc2 Rh3 83. Rc3+
Rxc3+ 84. Kxc3 1/2-1/2

[Event "302nd YMCA Spring C"]
[Site "Warsaw"]
[Date "2025.06.05"]
[Round "6"]
[White "Mueck, Piotr"]
[Black "Chudyk, Mateusz"]
[Result "0-1"]
[WhiteElo "1606"]
[BlackElo "1680"]
[PlyCount "110"]
[EventDate "2025.04.23"]
[EventType "tourn"]
[EventRounds "1"]
[SourceDate "2025.04.22"]

1. d4 d5 2. Nf3 Nf6 3. c4 c6 4. Nc3 a6 5. e3 b5 6. cxb5 cxb5 7. Be2 e6 8. O-O
Bb7 9. b3 Bd6 10. Bb2 O-O 11. Rc1 Nbd7 12. Bd3 Rc8 13. Qe2 Rc7 14. Nb1 Qb8 15.
Rxc7 Bxc7 16. Rc1 Rc8 17. h3 Qa8 18. Rc2 b4 19. Qd1 Bd6 20. Rxc8+ Qxc8 21. Qc2
Qxc2 22. Bxc2 $11 Ne4 23. Nfd2 Ndf6 24. Bd3 Nxd2 25. Nxd2 Ne4 26. Nxe4 $11 dxe4
27. Bc4 Kf8 28. Kf1 Ke7 29. Ke2 f6 30. Ba1 e5 31. dxe5 Bxe5 32. Bxe5 $11 fxe5
33. f4 Kf6 34. g4 h5 35. Kf2 g6 36. Kg3 a5 37. Be2 hxg4 38. hxg4 Bc6 39. Bc4 a4
40. Kh4 exf4 41. exf4 e3 42. Kg3 a3 43. Bd3 Bd5 44. Bc2 Bc6 45. g5+ Kf7 46. f5
gxf5 47. Bxf5 Bd5 48. Bc2 Kg7 49. Bb1 $11 Kf7 50. Bc2 Ke6 51. Bb1 Ke5 52. g6
Kd4 53. g7 Kc3 54. Be4 Bg8 55. Kf3 Kd2 0-1

[Event "302nd YMCA Spring C"]
[Site "Warsaw"]
[Date "2025.05.23"]
[Round "6"]
[White "Milczak, Piotr"]
[Black "Matyszkiewicz, Radoslaw"]
[Result "1-0"]
[WhiteElo "1671"]
[BlackElo "1596"]
[PlyCount "107"]
[EventDate "2025.04.23"]
[EventType "tourn"]
[EventRounds "1"]
[SourceDate "2025.04.22"]

1. d4 Nf6 2. Nf3 g6 3. c4 Bg7 4. Nc3 d6 5. e4 O-O 6. Be2 e5 7. d5 Nbd7 8. O-O
Nc5 9. Nd2 a5 10. Qc2 Ne8 11. Nb3 Nxb3 12. Qxb3 b6 13. Be3 f5 14. f3 Nf6 15.
Bd3 Nh5 16. Qd1 Nf4 17. Bc2 Qg5 18. Qd2 Bh6 19. Kh1 Qh5 20. g3 fxe4 21. Bxe4
Bh3 22. Rf2 Bg5 23. gxf4 exf4 24. Bd4 Bh4 25. Re2 Rae8 26. Qd3 g5 27. Rg1 Rf7
28. Bf2 Rfe7 29. Bxh4 Qxh4 30. Qd4 Qh5 31. Qf2 Kh8 32. Bd3 Rxe2 33. Bxe2 Re3
34. Ne4 h6 35. Nf6 Qg6 36. Ne4 Qe8 37. Nc3 c6 38. dxc6 Qxc6 39. Nd5 Re5 40. Qd4
Be6 41. Bd3 Bf7 42. Be4 b5 43. Rc1 Kg7 44. Rc3 b4 45. Rd3 Kf8 46. b3 Qd7 47.
Rd2 Qh3 48. Qf2 Bh5 49. Nf6 Rxe4 50. fxe4 Bf3+ 51. Kg1 Kf7 52. Rxd6 Ke7 53. e5
g4 54. Qa7+ 1-0

[Event "302nd YMCA Spring C"]
[Site "Warsaw"]
[Date "2025.05.30"]
[Round "6"]
[White "Glowacki, Mateusz"]
[Black "Wiktorowski, Janusz"]
[Result "1-0"]
[WhiteElo "1697"]
[BlackElo "1570"]
[PlyCount "109"]
[EventDate "2025.04.23"]
[EventType "tourn"]
[EventRounds "1"]
[SourceDate "2025.04.22"]

1. e4 e5 2. f4 exf4 3. Bc4 Qh4+ 4. Kf1 d5 5. Nf3 Bg4 6. Bxd5 Bxf3 7. Qxf3 c6 8.
Bb3 Bc5 9. g3 Qh3+ 10. Ke2 Nd7 11. gxf4 Qh4 12. c3 O-O-O 13. d4 Bb6 14. Be3 Nh6
15. h3 Rhe8 16. Nd2 Qe7 17. Rae1 c5 18. Kf1 cxd4 19. Bxd4 Nf5 20. Bxb6 Nxb6 21.
Re2 Nh4 22. Qg4+ Kb8 23. Qg5 Ng6 24. Qxe7 Rxe7 25. Rf2 Nxf4 26. Rxf4 Rxd2 27.
Rg1 f6 28. Rg2 Rxg2 29. Kxg2 Nd7 30. Bd5 Ne5 31. Rf2 b5 32. Rd2 Kc7 33. b3 Rd7
34. Kf2 a5 35. Ke3 Kb6 36. Be6 Rxd2 37. Kxd2 Kc5 38. Ke3 g5 39. Bf5 h5 40. Be6
Kd6 41. Bg8 g4 42. hxg4 h4 43. Kf4 Nd3+ 44. Kf3 h3 45. Kg3 Nf4 46. c4 bxc4 47.
Bxc4 Ke5 48. a3 Kxe4 49. b4 axb4 50. axb4 h2 51. Kxh2 Kd4 52. b5 Nd5 53. Bxd5
Kxd5 54. Kg3 Kc5 55. Kf4 1-0

[Event "302nd YMCA Spring C"]
[Site "Warsaw"]
[Date "2025.05.28"]
[Round "6"]
[White "Marczukiewicz, Slawomir"]
[Black "Sypula, Krzysztof"]
[Result "0-1"]
[WhiteElo "1669"]
[BlackElo "1683"]
[PlyCount "78"]
[EventDate "2025.04.23"]
[EventType "tourn"]
[EventRounds "1"]
[SourceDate "2025.04.22"]

1. c4 e5 2. g3 Nc6 3. Bg2 Nf6 4. Nc3 Bb4 5. e4 O-O 6. Nge2 d6 7. O-O Be6 8. d3
h6 9. a3 Bxc3 10. bxc3 Qd7 11. f4 exf4 12. gxf4 Bg4 13. Qe1 Bh3 14. Rf2 Bxg2
15. Rxg2 Kh7 16. Qh4 Ng8 17. Ng3 Qe7 18. Qg4 Nf6 19. Qf3 Rg8 20. Be3 Qd7 21.
Nh5 Nxh5 22. Qxh5 g6 23. Qf3 f5 24. Kh1 Raf8 25. Rag1 Qe6 26. h4 fxe4 27. dxe4
Ne5 28. Qe2 Nxc4 29. f5 gxf5 30. Rxg8 Qxe4+ 31. R8g2 Nxe3 32. Qh5 Nxg2 33. Rxg2
Rf6 34. Kh2 Qe5+ 35. Kh3 f4 36. Qf3 Qe3 37. Rf2 Re6 38. Kg4 Rg6+ 39. Kh5 Qe5#
0-1

[Event "302nd YMCA Spring C"]
[Site "Warsaw"]
[Date "2025.05.28"]
[Round "6"]
[White "Ossolinski, Lukasz"]
[Black "Szukalski, Antoni"]
[Result "0-1"]
[WhiteElo "1567"]
[BlackElo "1703"]
[PlyCount "140"]
[EventDate "2025.04.23"]
[EventType "tourn"]
[EventRounds "1"]
[SourceDate "2025.04.22"]

1. e4 e5 2. Nf3 Nc6 3. Bc4 Nf6 4. d3 Be7 5. Nc3 d6 6. a3 O-O 7. Be3 Be6 8. Bxe6
fxe6 9. h3 d5 10. Bg5 h6 11. Bh4 d4 12. Nb1 Nd7 13. Bxe7 Qxe7 14. Nbd2 Qf6 15.
Nc4 b5 16. Ncd2 Ne7 17. Qe2 c5 18. O-O Ng6 19. g3 Nb6 20. b3 Rac8 21. a4 c4 22.
axb5 c3 23. Nc4 Qxf3 24. Qxf3 Rxf3 25. Rxa7 Rb8 26. Rfa1 Rf7 27. R7a6 Rfb7 28.
Nd6 Re7 29. Nc4 Nc8 30. Ra8 Reb7 31. R1a6 Rxb5 32. Rxb8 Rxb8 33. Rxe6 Kf7 34.
Ra6 Nce7 35. Ra5 Nc6 36. Ra4 Nb4 37. Na3 Ne7 38. Kf1 Nec6 39. Ke1 Ke6 40. Kd1
Rf8 41. Ke2 Rf7 42. Ra8 Ra7 43. Rxa7 Nxa7 44. Kd1 Nc8 45. Nc4 Nd6 46. Nb6 Ne8
47. Nc4 Nd6 48. Nb6 Nb5 49. Nc4 Nc6 50. Kc1 Nd6 51. Nb6 Ne7 52. Na4 Kf6 53. Nc5
Ng6 54. Kd1 Nb5 55. Nd7+ Ke7 56. Nb6 h5 57. h4 Nf8 58. Nd5+ Kd6 59. Ke2 Nd7 60.
f4 Nf6 61. fxe5+ Kxe5 62. Nf4 Na3 63. Kd1 Ng4 64. Nxh5 Ne3+ 65. Kc1 Nexc2 66.
Nxg7 Nb4 67. Nf5 Nxd3+ 68. Kd1 c2+ 69. Kd2 c1=Q+ 70. Kxd3 Qd1# 0-1

[Event "302nd YMCA Spring C"]
[Site "Warsaw"]
[Date "2025.06.04"]
[Round "7"]
[White "Szukalski, Antoni"]
[Black "Mueck, Piotr"]
[Result "1/2-1/2"]
[WhiteElo "1703"]
[BlackElo "1606"]
[PlyCount "44"]
[EventDate "2025.04.23"]
[EventType "tourn"]
[EventRounds "1"]
[SourceDate "2025.04.22"]

1. e4 c5 2. Nc3 Nc6 3. Nf3 a6 4. d4 cxd4 5. Nxd4 e6 6. Be2 Qc7 7. Be3 Nge7 8.
Qd2 Nxd4 9. Bxd4 Nc6 10. Be3 Be7 11. O-O O-O 12. f4 b5 13. Bf3 Bb7 14. Rad1
Rfd8 15. Qf2 Re8 16. e5 d5 17. exd6 Bxd6 18. g3 Rac8 19. Ne4 Be7 20. Bb6 Qb8
21. Rd7 Nb4 22. c3 Nd5 $11 1/2-1/2

[Event "302nd YMCA Spring C"]
[Site "Warsaw"]
[Date "2025.06.04"]
[Round "7"]
[White "Sypula, Krzysztof"]
[Black "Ossolinski, Lukasz"]
[Result "1/2-1/2"]
[WhiteElo "1683"]
[BlackElo "1567"]
[PlyCount "57"]
[EventDate "2025.04.23"]
[EventType "tourn"]
[EventRounds "1"]
[SourceDate "2025.04.22"]

1. c4 g6 2. d4 Nf6 3. f3 Bg7 4. e4 d6 5. Be3 O-O 6. Nc3 Nc6 7. Qd2 a6 8. Nge2
Na5 9. Ng3 b6 10. Bd3 c5 11. d5 e5 12. Bh6 Ne8 13. h4 Bxh6 14. Qxh6 Qf6 15. h5
g5 16. Qxf6 Nxf6 17. Nf5 Bxf5 18. exf5 h6 19. g4 Rfe8 20. Ne4 Nxe4 21. fxe4 f6
22. b3 Nb7 23. Kd2 Kf7 24. a3 Ke7 25. Rhb1 Reb8 26. b4 Kd7 27. Rb2 Kc7 28. Rab1
a5 29. b5 $11 1/2-1/2

[Event "302nd YMCA Spring C"]
[Site "Warsaw"]
[Date "2025.06.03"]
[Round "7"]
[White "Wiktorowski, Janusz"]
[Black "Marczukiewicz, Slawomir"]
[Result "1-0"]
[WhiteElo "1570"]
[BlackElo "1669"]
[PlyCount "71"]
[EventDate "2025.04.23"]
[EventType "tourn"]
[EventRounds "1"]
[SourceDate "2025.04.22"]

1. e4 c5 2. Nf3 a6 3. a4 g6 4. d4 cxd4 5. Nxd4 Bg7 6. Be2 Nc6 7. Be3 Nf6 8.
Nxc6 bxc6 9. a5 d5 10. e5 Nd7 11. f4 e6 12. O-O h5 13. c3 Bf8 14. b4 c5 15. Qa4
Qc7 16. Nd2 Be7 17. Kh1 O-O 18. Bxh5 gxh5 19. Qd1 Kg7 20. Qxh5 Rh8 21. Qg4+ Kf8
22. Rf3 Nxe5 23. fxe5 Qxe5 24. Bf4 Qh5 25. Qxh5 Rxh5 26. bxc5 Bxc5 27. Rb1 Ke7
28. Nb3 Ba7 29. Nd4 Bd7 30. Rb7 Ke8 31. Bd6 Bxd4 32. cxd4 Rc8 33. h3 f5 34. Rg3
Rh7 35. Rg8+ Kf7 36. Rxc8 1-0

[Event "302nd YMCA Spring C"]
[Site "Warsaw"]
[Date "2025.06.06"]
[Round "7"]
[White "Matyszkiewicz, Radoslaw"]
[Black "Glowacki, Mateusz"]
[Result "0-1"]
[WhiteElo "1596"]
[BlackElo "1697"]
[PlyCount "62"]
[EventDate "2025.04.23"]
[EventType "tourn"]
[EventRounds "1"]
[SourceDate "2025.04.22"]

1. e4 c5 2. Nf3 a6 3. d4 cxd4 4. Nxd4 Nf6 5. Nc3 e5 6. Nf5 d5 7. Ng3 d4 8. Nce2
h5 9. h4 Bc5 10. Bg5 Qb6 11. Qc1 Ng4 12. f3 d3 13. cxd3 Nf2 14. Nc3 Nxh1 15.
Nxh1 Be6 16. a3 Nd7 17. b4 Bd4 18. Rb1 Rc8 19. Bd2 O-O 20. Ke2 Rc7 21. Qe1 Rfc8
22. Rc1 a5 23. Ng3 Nf6 24. b5 Ng4 25. Nd5 Bxd5 26. fxg4 Be6 27. Nf5 Rxc1 28.
Bxc1 Rc2+ 29. Kd1 Bb3 30. Nxd4 Qxd4 31. Bd2 Rc1+ 0-1

[Event "302nd YMCA Spring C"]
[Site "Warsaw"]
[Date "2025.06.04"]
[Round "7"]
[White "Jaroszuk, Marcin"]
[Black "Milczak, Piotr"]
[Result "1/2-1/2"]
[WhiteElo "1693"]
[BlackElo "1671"]
[PlyCount "107"]
[EventDate "2025.04.23"]
[EventType "tourn"]
[EventRounds "1"]
[SourceDate "2025.04.22"]

1. f4 d5 2. Nf3 Nf6 3. e3 g6 4. Be2 Bg7 5. O-O O-O 6. d3 c5 7. Nc3 Nc6 8. Ne5
Qc7 9. Nxc6 Qxc6 10. Bf3 Rd8 11. Qe2 Qb6 12. Kh1 e6 13. e4 d4 14. Na4 Qc7 15.
b3 b5 16. Nb2 Bb7 17. a4 a6 18. Bd2 b4 19. Nc4 Re8 20. Qe1 Rad8 21. Qh4 Qe7 22.
Rae1 Nd5 23. Qxe7 Nxe7 24. g4 f5 25. gxf5 exf5 26. e5 Bxf3+ 27. Rxf3 Nd5 28.
Nd6 Re6 29. Rg3 Rd7 30. Reg1 Kf8 31. h4 Ne7 32. h5 Rc7 33. R3g2 Kg8 34. Ne8 Rc8
35. Nd6 Rc7 36. Be1 Kf8 37. Bh4 Nd5 38. hxg6 hxg6 39. Rxg6 Rxg6 40. Rxg6 Nxf4
41. Rg1 Bxe5 42. Nxf5 Rh7 43. Rg4 Kf7 44. Kg1 Ke6 45. Ng3 Rg7 46. Rxg7 Bxg7 $11
47. Ne4 Bf8 48. Kf1 Nd5 49. Ke2 Ne3 50. Kd2 Kd5 51. Bg5 Nf5 52. Nf6+ Ke6 53.
Ne4 Kd5 54. Nf6+ 1/2-1/2

[Event "302nd YMCA Spring C"]
[Site "Warsaw"]
[Date "2025.06.11"]
[Round "8"]
[White "Milczak, Piotr"]
[Black "Chudyk, Mateusz"]
[Result "1/2-1/2"]
[WhiteElo "1671"]
[BlackElo "1680"]
[PlyCount "83"]
[EventDate "2025.04.23"]
[EventType "tourn"]
[EventRounds "1"]
[SourceDate "2025.04.22"]

1. d4 d5 2. c4 c6 3. Nc3 Nf6 4. Nf3 a6 5. e3 b5 6. cxd5 cxd5 7. Bd3 Bb7 8. O-O
e6 9. a3 Nbd7 10. Qe2 Bd6 11. Rd1 Rc8 12. Bd2 O-O 13. Rac1 Rc7 14. Na2 Nb6 15.
Ba5 Nfd7 16. Rc2 Qb8 17. Rxc7 Bxc7 18. Qc2 h6 19. Rc1 Rc8 20. Qb1 Bd6 21. Bb4
Rxc1+ 22. Qxc1 Qc7 23. Qxc7 Bxc7 24. b3 Nf6 25. Nc3 Ne4 26. Ne2 Nd7 27. Nd2
Nxd2 28. Bxd2 Bd6 29. Bc1 Kf8 30. Bb2 Ke7 31. f3 f6 32. Kf2 f5 33. g3 Nf6 34.
Nc1 g5 35. Be2 h5 36. Nd3 Bc6 37. Nc5 a5 38. Bc3 Nd7 39. Nxd7 Kxd7 40. b4 axb4
41. Bxb4 Bxb4 42. axb4 1/2-1/2

[Event "302nd YMCA Spring C"]
[Site "Warsaw"]
[Date "2025.06.25"]
[Round "8"]
[White "Glowacki, Mateusz"]
[Black "Jaroszuk, Marcin"]
[Result "0-1"]
[WhiteElo "1697"]
[BlackElo "1693"]
[PlyCount "104"]
[EventDate "2025.04.23"]
[EventType "tourn"]
[EventRounds "1"]
[SourceDate "2025.04.22"]

1. e4 e5 2. Bc4 Nf6 3. d3 Nc6 4. Nc3 Na5 5. Nge2 Nxc4 6. dxc4 Bc5 7. O-O a6 8.
Qd3 d6 9. h3 Be6 10. b3 Qd7 11. Be3 Bxe3 12. Qxe3 O-O-O 13. Nd5 Kb8 14. Nec3 c6
15. Nb6 Qc7 16. Rfd1 Nh5 17. b4 Nf4 18. b5 cxb5 19. g3 Nxh3+ 20. Kg2 bxc4 21.
Rh1 Qc5 22. Rxh3 Bxh3+ 23. Kxh3 Qxe3 24. fxe3 Ka7 25. Rb1 g6 26. a4 f5 27. exf5
gxf5 28. Ncd5 Rhg8 29. Nxc4 Rg4 30. Na5 Rg7 31. Rxb7+ Rxb7 32. Nc6+ Ka8 33.
Nxd8 $11 Rb2 34. c4 Kb8 35. Nf7 Ra2 36. Nc3 Rc2 37. Nd5 Rxc4 38. Nxd6 Rxa4 39.
Nxf5 Ra1 40. Nfe7 Kb7 41. Nc3 Kb6 42. Ned5+ Kc5 43. Kg4 Rf1 44. e4 Kd4 45. Kh3
Rf3 46. Nb1 Rd3 47. Nb4 Rb3 48. Nxa6 Rxb1 49. Kg4 Kxe4 50. Nc5+ Kd5 51. Nd7 Rf1
52. Nb6+ Kd4 0-1

[Event "302nd YMCA Spring C"]
[Site "Warsaw"]
[Date "2025.06.13"]
[Round "8"]
[White "Marczukiewicz, Slawomir"]
[Black "Matyszkiewicz, Radoslaw"]
[Result "1-0"]
[WhiteElo "1669"]
[BlackElo "1596"]
[PlyCount "87"]
[EventDate "2025.04.23"]
[EventType "tourn"]
[EventRounds "1"]
[SourceDate "2025.04.22"]

1. c4 Nf6 2. g3 g6 3. Bg2 Bg7 4. Nc3 d6 5. e4 e5 6. Nge2 c6 7. O-O O-O 8. d3 a5
9. h3 Nbd7 10. Be3 Nc5 11. f4 exf4 12. gxf4 Nh5 13. d4 Na6 14. Qd2 f5 15. e5
Nc7 16. Rad1 Be6 17. d5 cxd5 18. cxd5 Bd7 19. e6 Be8 20. Bd4 Nf6 21. Qe3 Qe7
22. b3 Nb5 23. Nxb5 Bxb5 24. Rfe1 Bh6 25. Nc3 Ba6 26. a4 Nh5 27. Be5 Rad8 28.
Qf2 dxe5 29. fxe5 Nf4 30. d6 Qxe6 31. Qxf4 Bxf4 32. Bd5 Qxd5 33. Nxd5 Bg5 34.
Nc7 Bh4 35. Re3 Rf7 36. Rc3 Re7 37. e6 Bf6 38. Rcc1 Rg7 39. Nd5 Bg5 40. e7 Bxe7
41. dxe7 Re8 42. Nf6+ Kf7 43. Nxe8 Kxe8 44. Re1 1-0

[Event "302nd YMCA Spring C"]
[Site "Warsaw"]
[Date "2025.06.30"]
[Round "8"]
[White "Ossolinski, Lukasz"]
[Black "Wiktorowski, Janusz"]
[Result "1-0"]
[WhiteElo "1567"]
[BlackElo "1570"]
[PlyCount "97"]
[EventDate "2025.04.23"]
[EventType "tourn"]
[EventRounds "1"]
[SourceDate "2025.04.22"]

1. e4 e5 2. Nf3 Nc6 3. Bb5 a6 4. Ba4 Nf6 5. O-O b5 6. Bb3 h6 7. d3 d6 8. c3 Be7
9. h3 O-O 10. a4 b4 11. a5 Rb8 12. Bd5 Nxd5 13. exd5 bxc3 14. Nxc3 Nb4 15. Be3
c5 16. dxc6 Nxc6 17. Bb6 Qd7 18. Nd5 Bd8 19. Qa4 Qb7 20. Bxd8 Rxd8 21. Qxc6
Qxb2 22. Ne7+ Kh8 23. Nxc8 Rbxc8 24. Qxa6 f5 25. Qb6 Qe2 26. Rfd1 Rb8 27. Qe3
Qc2 28. a6 f4 29. Qe4 Ra8 30. a7 Rxa7 31. Rdc1 Rxa1 32. Rxa1 Qc8 33. d4 Qc3 34.
Ra8 Rxa8 35. Qxa8+ Kh7 36. Qe4+ Kh8 37. dxe5 dxe5 38. Nxe5 g5 39. Nf7+ Kg7 40.
Qe5+ Qxe5 41. Nxe5 h5 42. h4 gxh4 43. Nf3 Kg6 44. Nxh4+ Kg5 45. Nf3+ Kg4 46.
Kh2 h4 47. Ng1 h3 48. gxh3+ Kf5 49. f3 1-0

[Event "302nd YMCA Spring C"]
[Site "Warsaw"]
[Date "2025.06.11"]
[Round "8"]
[White "Szukalski, Antoni"]
[Black "Sypula, Krzysztof"]
[Result "0-1"]
[WhiteElo "1703"]
[BlackElo "1683"]
[PlyCount "102"]
[EventDate "2025.04.23"]
[EventType "tourn"]
[EventRounds "1"]
[SourceDate "2025.04.22"]

1. e4 d5 2. exd5 Qxd5 3. Nf3 Bg4 4. Be2 Nf6 5. Nc3 Qa5 6. O-O e6 7. d3 c6 8.
Bd2 Qc7 9. Ne4 Nbd7 10. Bc3 Be7 11. Nfg5 Bf5 12. Ng3 Bg6 13. N5e4 O-O 14. Bf3
Rad8 15. Qe2 Nd5 16. Bd2 Ne5 17. Nc3 Nxf3+ 18. Qxf3 Rd7 19. a3 b5 20. Nxd5 cxd5
21. c3 e5 22. d4 e4 23. Qd1 f5 24. f4 a5 25. a4 b4 26. cxb4 Qc4 27. Be3 Qxb4
28. Qd2 Rb7 29. Qxb4 Rxb4 30. Bd2 Rxd4 31. Bxa5 Bc5 32. Kh1 Ra8 33. Ne2 Rc4 34.
b4 Be3 35. Rfb1 d4 36. Bb6 Be8 37. a5 Bb5 38. Bc5 Kf7 39. Rd1 Rxc5 40. bxc5
Bxe2 41. Rdb1 Ba6 42. g3 Ke7 43. Rb6 d3 44. c6 Kd6 45. Rb7 Kxc6 46. Rxg7 Bd4
47. Rc1+ Kb5 48. Rd7 Bb2 49. Rb1 Kc6 50. Rxh7 d2 51. Rh6+ Kd5 0-1

[Event "302nd YMCA Spring C"]
[Site "Warsaw"]
[Date "2025.05.27"]
[Round "9"]
[White "Sypula, Krzysztof"]
[Black "Mueck, Piotr"]
[Result "1/2-1/2"]
[WhiteElo "1683"]
[BlackElo "1606"]
[PlyCount "46"]
[EventDate "2025.04.23"]
[EventType "tourn"]
[EventRounds "1"]
[SourceDate "2025.04.22"]

1. d4 Nf6 2. c4 g6 3. f3 Bg7 4. e4 d6 5. Ne2 O-O 6. Ng3 e5 7. Be3 exd4 8. Bxd4
Nc6 9. Bc3 Re8 10. Be2 Be6 11. O-O a6 12. Qc2 Ne5 13. Nd2 c6 14. c5 Qc7 15.
cxd6 Qxd6 16. Rfd1 Qc7 17. b3 Rad8 18. Qb2 Bc8 19. Nc4 Nxc4 20. Bxc4 Rxd1+ 21.
Rxd1 Rd8 22. Rxd8+ Qxd8 23. Qd2 Qxd2 $11 1/2-1/2

[Event "302nd YMCA Spring C"]
[Site "Warsaw"]
[Date "2025.05.09"]
[Round "9"]
[White "Wiktorowski, Janusz"]
[Black "Szukalski, Antoni"]
[Result "0-1"]
[WhiteElo "1570"]
[BlackElo "1703"]
[PlyCount "61"]
[EventDate "2025.04.23"]
[EventType "tourn"]
[EventRounds "1"]
[SourceDate "2025.04.22"]

1. e4 e5 2. Nf3 Nc6 3. Bc4 Nf6 4. d3 Be7 5. h3 d6 6. Nbd2 Na5 7. Bb3 Nxb3 8.
axb3 O-O 9. Nf1 Re8 10. Ne3 c6 11. O-O Qc7 12. c4 Be6 13. Bd2 h6 14. Nf5 Bxf5
15. exf5 e4 16. Nh2 d5 17. cxd5 cxd5 18. dxe4 dxe4 19. g4 Bd6 20. f4 e3 21.
Bxe3 Rxe3 22. Rc1 Qb6 23. Kg2 Rae8 24. Rf2 Rxb3 25. Rcc2 Bc5 26. Rxc5 Rxb2 27.
Rxb2 Qxb2+ 28. Rc2 Qb4 29. g5 Qe4+ 30. Nf3 Nd5 31. gxh6 0-1

[Event "302nd YMCA Spring C"]
[Site "Warsaw"]
[Date "2025.06.11"]
[Round "9"]
[White "Matyszkiewicz, Radoslaw"]
[Black "Ossolinski, Lukasz"]
[Result "0-1"]
[WhiteElo "1596"]
[BlackElo "1567"]
[PlyCount "77"]
[EventDate "2025.04.23"]
[EventType "tourn"]
[EventRounds "1"]
[SourceDate "2025.04.22"]

1. e4 e5 2. Nf3 Nc6 3. Bb5 f5 4. Nc3 d6 5. O-O Nf6 6. d4 Bd7 7. exf5 e4 8. Re1
d5 9. Bg5 Ne7 10. Bxd7+ Qxd7 11. Ne5 Qxf5 12. Qd2 c6 13. b4 Ng6 14. Nf3 Bxb4
15. Rab1 Bxc3 16. Qxc3 O-O 17. Bxf6 Qxf6 18. Ne5 Nxe5 19. dxe5 Qxf2+ 20. Kh1
Rae8 21. h3 Qf7 22. Re3 Re7 23. Rg3 Rfe8 24. Kg1 Rxe5 25. Rf1 Qc7 26. Rf4 g6
27. Rfg4 R5e6 28. h4 Qe5 29. Qe3 b6 30. Rg5 Qd6 31. h5 R8e7 32. hxg6 hxg6 33.
Qe2 Qc5+ 34. Kf1 Rf7+ 35. Ke1 Qb4+ 36. Kd1 Qd4+ 37. Kc1 Rg7 38. Qh5 gxh5 39.
Rxg7+ 0-1

[Event "302nd YMCA Spring C"]
[Site "Warsaw"]
[Date "2025.06.11"]
[Round "9"]
[White "Jaroszuk, Marcin"]
[Black "Marczukiewicz, Slawomir"]
[Result "1-0"]
[WhiteElo "1693"]
[BlackElo "1669"]
[PlyCount "53"]
[EventDate "2025.04.23"]
[EventType "tourn"]
[EventRounds "1"]
[SourceDate "2025.04.22"]

1. d4 Nf6 2. Nf3 d5 3. g3 Bf5 4. Bg2 e6 5. O-O h6 6. c4 c6 7. Nc3 Be7 8. Nd2
Nbd7 9. e4 dxe4 10. Ndxe4 Nxe4 11. Bxe4 Bxe4 12. Nxe4 Nf6 13. Re1 O-O 14. Bf4
Nxe4 15. Rxe4 Qb6 16. Qe2 Rfd8 17. Be3 Qc7 18. Qh5 Bf8 19. Rg4 Kh7 20. Bg5 Rd7
21. Re1 g6 22. Qh4 Bg7 23. Bf6 Qa5 24. Re5 Qxa2 25. Rh5 Qb1+ 26. Kg2 Bxf6 27.
Rxh6+ 1-0

[Event "302nd YMCA Spring C"]
[Site "Warsaw"]
[Date "2025.06.03"]
[Round "9"]
[White "Chudyk, Mateusz"]
[Black "Glowacki, Mateusz"]
[Result "1/2-1/2"]
[WhiteElo "1680"]
[BlackElo "1697"]
[PlyCount "61"]
[EventDate "2025.04.23"]
[EventType "tourn"]
[EventRounds "1"]
[SourceDate "2025.04.22"]

1. e4 c5 2. Nf3 a6 3. c3 e6 4. d4 d5 5. dxc5 Bxc5 6. exd5 Nf6 7. Be2 O-O 8.
dxe6 Qb6 9. exf7+ Rxf7 10. O-O Ne4 11. Bc4 Bxf2+ 12. Kh1 Be6 13. Qb3 Qxb3 14.
Bxb3 Bxb3 15. axb3 Bb6 16. g3 Nd7 17. Nbd2 Nf2+ 18. Kg2 Raf8 19. Rxf2 Bxf2 20.
Kxf2 Ne5 21. Ke2 Nxf3 22. Nxf3 Rxf3 23. Bf4 R3xf4 $11 24. gxf4 Rxf4 25. Rd1
Re4+ 26. Kf3 Re7 27. b4 Kf7 28. b3 Ke8 29. Rd5 Rc7 30. Rd3 Rc6 31. h4 $11
1/2-1/2